01297nam a2200301 a 450000100100000000500170001000800410002702000150006804000250008308200160010824501700012426000390029430000420033350000900037550000530046550000330051850000360055150000310058750000350061853000160065350400740066970000300074370000390077370000370081204900090084995201200085899900170097800002486720200930023422.0110207s2005 sp bd r 001 0 spa d a8495163934 aDO-SdBNPbspacBNPHU axxxxbS864c03aEl stock de capital en España y su distribución territorial (1964-2002) /cdirección Matilde Mas Ivars , Francisco Pérez García , Ezequiel Uriel Jiménez. aBilbao :bFundación BBVA,c2005. a251 p. :bmapas., diagrs. ;c23.4 cm. aIncluye referencias biográficas de los directores en la solapa de la contraportada. aIncluye referencia bibliográfica p. [235-238]. aIncluye índice de cuadros. aIncluye índice de gráficos. aIncluye índice de mapas. aIncluye índice alfabético. aCD.bCD-ROM aIncluye referencias bibliográficas y notas al pie de las páginas.1 aMas Ivars, Matilde9113811 aPérez García, Francisco9510371 aUriel Jiménez, Ezequiel947247 aBNGR 001054708MOaGRbGRcCTd2011-02-07iLF1l0oxxxx S864cp24867-10r2020-06-25w2020-06-25y4ZPréstamo en sala c24360d24360